30000 años de arte: la historia de la creatividad humana a través del tiempo y el espacio

Gardado en:
Detalles Bibliográficos
Formato: Libro
Idioma:Lingua castelá
Publicado: Londres Phaidon 2007
Edición:1a. ed
Subjects:
Tags: Engadir etiqueta
Sen Etiquetas, Sexa o primeiro en etiquetar este rexistro!

MARC

LEADER 00000cam a2200000 a 4500
001 UCC3094
003 CL-VaPUC
008 180413e20070000uk |||||||||||||||||spa|d
020 |a 9780714870120 
082 0 4 |a 700.9  |b TRE  |2 21 
245 1 0 |a 30000 años de arte: la historia de la creatividad humana a través del tiempo y el espacio 
250 |a 1a. ed 
300 |a 656 p 
942 |c BK 
945 |d 20180413 15:45:00  |a arojas 
260 |a Londres  |b Phaidon  |c 2007 
650 0 |a Historia del arte  |9 314877 
650 0 |a Obras de arte  |9 337253 
650 0 |a Bellas artes  |9 334299 
583 |a last modification  |c 20191014 01:25:51  |k Rodrigo Vera 
999 |c 370948  |d 370946 
952 |0 0  |1 0  |2 ddc  |3 erd  |4 0  |6 700_900000000000000_TRE_2007  |7 0  |8 R  |9 487748  |a BIBART  |b BIBART  |i 5464692  |l 2  |o 700.9 TRE 2007  |p 5464692  |r 2025-03-13  |s 2022-10-25  |w 2019-11-24  |y BK_R  |z Catalogado en:20180413  |k ART 
952 |0 0  |1 0  |3 erd  |4 0  |6 700_900000000000000_TRE_2007  |7 0  |8 A  |9 487749  |a BIBHIS  |b BIBHIS  |i 5515130  |o 700.9 TRE 2007  |p 5515130  |r 2025-01-20  |w 2019-11-24  |y BK  |z Catalogado en:20181116  |k HIS 
952 |0 0  |1 0  |3 erd  |4 0  |6 700_900000000000000_TRE_2007  |7 0  |8 A  |9 487750  |a BIBHIS  |b BIBHIS  |i 5504430  |o 700.9 TRE 2007  |p 5504430  |r 2025-01-20  |w 2019-11-24  |y BK  |z Catalogado en:20180927  |k HIS